[Event "P. Kerese mälestusfestival"]
[Site "?"]
[Date "2005.08.28"]
[Round "1"]
[White "Karjakin, Sergei"]
[Black "Rumjantsev, Jevgeni"]
[Result "0-1"]
[WhiteElo "2256"]
[BlackElo "1929"]
[PlyCount "56"]
[EventDate "2005.??.??"]

1. e4 c5 2. Nf3 Nc6 3. d4 cxd4 4. Nxd4 Nf6 5. Nc3 d6 6. Bg5 e5 7. Ndb5 a6 8.
Na3 b5 9. Bxf6 gxf6 10. Nd5 f5 11. Bxb5 axb5 12. Nxb5 Qa5+ 13. c3 Kd8 14. a4
Rb8 15. b4 Qa6 16. Ndc7 Qb7 17. Qh5 Be6 18. exf5 Bb3 19. O-O Ne7 20. Rfd1 Nd5
21. Qxf7 Nxc7 22. Qf6+ Ke8 23. Qxh8 Nxb5 24. axb5 Bxd1 25. Rxd1 Qf7 26. Rxd6
Qxf5 27. h3 Kf7 28. Rd1 Bd6 0-1

[Event "P. Kerese mälestusfestival"]
[Site "?"]
[Date "2005.08.28"]
[Round "1"]
[White "Lapidus, Mark"]
[Black "Korstin, Maris"]
[Result "0-1"]
[WhiteElo "1929"]
[BlackElo "2247"]
[PlyCount "80"]

1. c4 e5 2. Nc3 Nf6 3. g3 d5 4. cxd5 Nxd5 5. Bg2 Nb6 6. e3 Be7 7. Nge2 O-O 8.
O-O c6 9. d4 N8d7 10. Qc2 exd4 11. Nxd4 Ne5 12. Rd1 Qe8 13. Nf5 g6 14. Nxe7+
Qxe7 15. b3 Bg4 16. Rf1 Rad8 17. Qe4 Bf5 18. Qf4 Bd3 19. Rd1 g5 20. Ba3 c5 21.
Bxc5 Qxc5 22. Qxg5+ Bg6 23. Ne4 Rxd1+ 24. Rxd1 Qc7 25. f4 Ned7 26. f5 f6 27.
Nxf6+ Rxf6 28. fxg6 hxg6 29. Rf1 Kg7 30. Qh4 Rxf1+ 31. Bxf1 Qe5 32. Kf2 Nd5 33.
Qd4 Qxd4 34. exd4 Nb4 35. a4 Nc2 36. d5 Kf6 37. Kf3 Nd4+ 38. Ke4 Nxb3 39. Bb5
Nbc5+ 40. Kd4 a6 0-1

[Event "P. Kerese mälestusfestival"]
[Site "?"]
[Date "2005.08.28"]
[Round "1"]
[White "Airapetjan, Jana"]
[Black "Garber, Vjatsheslav"]
[Result "0-1"]
[WhiteElo "1873"]
[BlackElo "2165"]
[PlyCount "68"]

1. e4 c5 2. Nf3 a6 3. d4 cxd4 4. Nxd4 e5 5. Nb3 Nf6 6. Bd3 Bb4+ 7. c3 Be7 8.
O-O b5 9. Kh1 Bb7 10. f3 O-O 11. Be3 d5 12. exd5 Nxd5 13. Bf2 Nf4 14. Bc2 Qc7
15. Qe1 Rd8 16. Bg3 g5 17. N1d2 f6 18. Bxf4 gxf4 19. Bf5 Nd7 20. Qh4 Nf8 21.
Ne4 Bc8 22. g4 Kg7 23. Rg1 h6 24. Qf2 Qa7 25. Qg2 Bb7 26. h4 Ng6 27. Bxg6 Kxg6
28. Qc2 Kg7 29. Rad1 Qe3 30. Kg2 f5 31. Rge1 Bxe4 32. fxe4 Qg3+ 33. Kf1 fxg4
34. Rd5 Qxh4 0-1

[Event "P. Kerese mälestusfestival"]
[Site "?"]
[Date "2005.08.28"]
[Round "1"]
[White "Teemäe, Leo"]
[Black "Käos, Kreete"]
[Result "1-0"]
[WhiteElo "2098"]
[BlackElo "1852"]
[PlyCount "59"]

1. e4 c5 2. Nf3 Nc6 3. d4 cxd4 4. Nxd4 e5 5. Nb5 d6 6. N1c3 a6 7. Na3 b5 8. Nd5
Nf6 9. Be3 Rb8 10. f3 Be7 11. c3 O-O 12. Bd3 Be6 13. O-O Nd7 14. Qd2 Nc5 15.
Bc2 Qd7 16. Rad1 Rfd8 17. b4 Na4 18. Bxa4 bxa4 19. Nc4 Bf8 20. Ncb6 Qb7 21.
Nxa4 Ne7 22. Nab6 Nc8 23. Nc4 Ne7 24. Na5 Qb5 25. c4 Qa4 26. Nb6 Qe8 27. a4 Nc8
28. Nd5 Qxa4 29. b5 Ne7 30. Ra1 1-0

[Event "P. Kerese mälestusfestival"]
[Site "?"]
[Date "2005.08.28"]
[Round "1"]
[White "Mahhov, Nikolai"]
[Black "Kukk, Sander"]
[Result "0-1"]
[WhiteElo "1849"]
[BlackElo "2181"]
[PlyCount "56"]

1. d4 g6 2. e3 Bg7 3. Bd3 Nf6 4. Ne2 O-O 5. O-O d6 6. Nd2 e5 7. c3 b6 8. e4 Bb7
9. d5 c6 10. c4 cxd5 11. cxd5 Nbd7 12. b4 a5 13. bxa5 bxa5 14. Ba3 Ba6 15. Bxa6
Rxa6 16. f3 Qb6+ 17. Kh1 Rc8 18. Rc1 Nc5 19. Nc4 Qb5 20. Ne3 Bh6 21. Bxc5 Rxc5
22. Rxc5 Qxc5 23. Nc2 Rb6 24. Qd3 Rb2 25. Nc3 Nd7 26. Rb1 Qb6 27. Na3 Qf2 28.
Rg1 Be3 0-1

[Event "P. Kerese mälestusfestival"]
[Site "?"]
[Date "2005.08.28"]
[Round "1"]
[White "Jezov, Roman"]
[Black "Thagazitov, Vladislav"]
[Result "1-0"]
[WhiteElo "2100"]
[BlackElo "1848"]
[PlyCount "85"]

1. e4 Nf6 2. e5 Nd5 3. Nc3 Nb6 4. f4 d6 5. d4 dxe5 6. fxe5 Bf5 7. Be3 e6 8. Bd3
Bg6 9. Nf3 Nc6 10. a3 Be7 11. O-O Qd7 12. Bxg6 hxg6 13. Ne4 Nd5 14. Bc1 f5 15.
Neg5 Bxg5 16. Bxg5 Na5 17. Qd3 a6 18. b4 Nc6 19. c4 Nde7 20. Rfd1 O-O-O 21. Qc3
b5 22. cxb5 axb5 23. Qc5 Rde8 24. Qxb5 Nd5 25. Rac1 Na7 26. Qa6+ Kb8 27. Rc5
Nb6 28. Rdc1 Nac8 29. a4 Qxa4 30. Qxa4 Nxa4 31. Rxc7 Rhg8 32. Rf7 Nab6 33. Rcc7
Nd5 34. Rb7+ Ka8 35. Rxg7 Rxg7 36. Rxg7 Nxb4 37. Rxg6 Nd5 38. h4 Ncb6 39. h5
Rh8 40. h6 Nd7 41. Rxe6 Rh7 42. Rd6 Nc7 43. e6 1-0

[Event "P. Kerese mälestusfestival"]
[Site "t"]
[Date "2005.08.28"]
[Round "2"]
[White "Korstin, Maris"]
[Black "Espenberg, Mikk"]
[Result "1-0"]
[WhiteElo "2247"]
[BlackElo "2055"]
[PlyCount "79"]
[EventDate "2005.08.28"]

1. g3 g6 2. Bg2 Bg7 3. Nf3 e5 4. d3 Ne7 5. O-O O-O 6. c4 d6 7. Nc3 Nbc6 8. Rb1
a5 9. a3 h6 10. b4 axb4 11. axb4 Be6 12. b5 Nb8 13. Bb2 Nd7 14. Ra1 c6 15. Rxa8
Qxa8 16. Qc2 Qb8 17. Nd2 Qc7 18. Ra1 f5 19. e3 g5 20. Ba3 Nf6 21. Qa4 f4 22.
exf4 exf4 23. Re1 Bf5 24. Nde4 Nxe4 25. Nxe4 Nc8 26. bxc6 bxc6 27. Rb1 Bg6 28.
Qa6 f3 29. Rb7 Qd8 30. Bh3 Bxe4 31. dxe4 Qe8 32. Rc7 g4 33. Bf1 c5 34. Qb7 Bf6
35. Bc1 Ne7 36. Bf4 Rf7 37. Bxd6 Ng6 38. Rxf7 Qxf7 39. Qc8+ Kg7 40. Qxg4 1-0

9. Qc8+ Kg7 40. Qxg4 1-0

[Event "P. Kerese mälestusfestival"]
[Site "?"]
[Date "2005.08.28"]
[Round "2"]
[White "Holvason, Jüri"]
[Black "Jezov, Roman"]
[Result "0-1"]
[WhiteElo "2046"]
[BlackElo "2100"]
[PlyCount "66"]

1. e4 c5 2. Nf3 e6 3. d4 cxd4 4. Nxd4 a6 5. Nc3 b5 6. Be3 Bb7 7. f3 Qc7 8. Qd2
Nf6 9. g4 d6 10. O-O-O Nc6 11. g5 Nd7 12. h4 O-O-O 13. h5 Nc5 14. Nxc6 Qxc6 15.
Bh3 Kb8 16. Bxc5 Qxc5 17. Bg4 Be7 18. f4 b4 19. Na4 Qa5 20. b3 Bxe4 21. Rhe1 d5
22. Qd4 f5 23. Be2 Bd6 24. Rf1 Qc7 25. Rd2 a5 26. Bd3 Bxf4 27. Rxf4 e5 28. Nc5
Ka8 29. Qf2 exf4 30. Bxe4 fxe4 31. Ne6 Qe5 32. Nd4 e3 33. Qe2 exd2+ 0-1

[Event "P. Kerese mälestusfestival"]
[Site "?"]
[Date "2005.08.28"]
[Round "2"]
[White "Garber, Vjatsheslav"]
[Black "Tuul, Tarmo"]
[Result "1/2-1/2"]
[WhiteElo "2179"]
[BlackElo "2048"]
[PlyCount "112"]
[EventDate "2005.??.??"]

1. e4 e6 2. d4 d5 3. Nc3 Bb4 4. Bd3 c5 5. a3 Bxc3+ 6. bxc3 c4 7. Be2 Nf6 8.
exd5 exd5 9. Bf3 Qa5 10. Ne2 Bg4 11. Bxg4 Nxg4 12. O-O O-O 13. Rb1 b6 14. Bg5
Nd7 15. Be7 Rfe8 16. Bb4 Qa4 17. Bd6 Ngf6 18. Rb4 Qc6 19. Bg3 a5 20. Rb1 Ne4
21. Bf4 Qa4 22. f3 Nef6 23. Ra1 Nh5 24. Bd2 f5 25. h3 Kh8 26. g4 Rxe2 27. Qxe2
Ng3 28. Qd1 Nxf1 29. Kxf1 fxg4 30. hxg4 Rf8 31. Kg2 Re8 32. Bf4 Re6 33. Qd2 Nf8
34. Be5 Kg8 35. f4 Rg6 36. Kf3 Qd7 37. f5 Rh6 38. Bf4 Rc6 39. Rg1 Qf7 40. Be5
Nd7 41. Qf4 Qe7 42. a4 Qa3 43. Qe3 Qf8 44. Ke2 b5 45. Qf3 Qf7 46. axb5 Rb6 47.
Rb1 Nf6 48. Bxf6 gxf6 49. Qf4 Qe8+ 50. Kd2 a4 51. Qc7 Rxb5 52. Rxb5 Qxb5 53.
Qc8+ Kg7 54. Qc7+ Kh6 55. Qf4+ Kg7 56. Qc7+ Kh6 1/2-1/2

[Event "P. Kerese mälestusfestival"]
[Site "?"]
[Date "2005.08.28"]
[Round "2"]
[White "Nestor, Kaarel"]
[Black "Teemäe, Leo"]
[Result "1/2-1/2"]
[WhiteElo "2043"]
[BlackElo "2098"]
[PlyCount "63"]
[EventDate "2005.??.??"]

1. d4 Nf6 2. c4 e6 3. Nc3 Bb4 4. Qc2 O-O 5. Nf3 d6 6. e4 Nc6 7. Be3 e5 8. d5
Nd4 9. Nxd4 exd4 10. Bxd4 Nxe4 11. Bd3 Nxc3 12. bxc3 Re8+ 13. Kf1 Bc5 14. Bxh7+
Kh8 15. Bf5 Qh4 16. g3 Qh5 17. Bxc8 Qf3 18. Rg1 Raxc8 19. Qd1 Qf5 20. Kg2 Bxd4
21. Qxd4 Re4 22. Qd3 Qe5 23. Rgf1 Re8 24. a4 a5 25. Ra2 Re2 26. Rxe2 Qxe2 27.
Qxe2 Rxe2 28. Rb1 b6 29. c5 bxc5 30. Rb7 Rc2 31. Rxc7 Rxc3 32. Rc6 1/2-1/2

[Event "P. Kerese mälestusfestival"]
[Site "?"]
[Date "2005.08.28"]
[Round "2"]
[White "Kukk, Sander"]
[Black "Aleksejev, Igor"]
[Result "1-0"]
[WhiteElo "2181"]
[BlackElo "2043"]
[PlyCount "61"]

1. e4 c6 2. d4 d5 3. Nc3 dxe4 4. Nxe4 Nf6 5. Nxf6+ gxf6 6. Bc4 Qc7 7. Qh5 e6 8.
Ne2 Nd7 9. Bxe6 Nb6 10. Bf4 Qe7 11. Bb3 Rg8 12. Bd6 Bg4 13. Bxe7 Bxh5 14. Bxf6
Nd7 15. Bh4 Bxe2 16. Kxe2 Rg4 17. Bg3 Rxd4 18. c3 Re4+ 19. Kf3 f5 20. Rhe1
O-O-O 21. Bc2 Nc5 22. Bxe4 Nxe4 23. Rad1 Re8 24. Kf4 Bh6+ 25. Kxf5 Nxg3+ 26.
fxg3 Rf8+ 27. Kg4 Rf2 28. Re8+ Kc7 29. Re7+ Kb6 30. Rxh7 Be3 31. Rdd7 1-0

[Event "P. Kerese mälestusfestival"]
[Site "?"]
[Date "2005.08.28"]
[Round "2"]
[White "Rosenbaum, Oliver"]
[Black "Kozlov, Aleksander"]
[Result "1/2-1/2"]
[WhiteElo "1938"]
[BlackElo "1990"]
[PlyCount "24"]

1. e4 e5 2. Nf3 Nc6 3. c3 d5 4. Qa4 f6 5. Bb5 Nge7 6. exd5 Qxd5 7. O-O Be6 8.
d4 exd4 9. Nxd4 Bd7 10. Rd1 Nxd4 11. Bxd7+ Qxd7 12. Qxd7+ Kxd7 1/2-1/2

[Event "P. Kerese mälestusfestival"]
[Site "?"]
[Date "2005.08.28"]
[Round "2"]
[White "Särki, Juri"]
[Black "Vahtra, Tuuli"]
[Result "0-1"]
[WhiteElo "2005"]
[BlackElo "2022"]
[PlyCount "104"]

1. d4 d5 2. c4 c6 3. cxd5 cxd5 4. Nc3 Nf6 5. Bg5 e6 6. Nf3 Be7 7. e3 O-O 8. Bd3
Ne8 9. Bxe7 Qxe7 10. O-O Nc6 11. Re1 h6 12. Rc1 Bd7 13. Ne5 Nxe5 14. dxe5 f6
15. exf6 Nxf6 16. Qb3 Bc6 17. e4 Ng4 18. h3 Nxf2 19. Nxd5 exd5 20. exd5 Nxh3+
21. Kh2 Qh4 22. dxc6+ Kh8 23. Re4 Nf4+ 24. Kg1 Nh3+ 25. Kh2 Nf4+ 26. Kg1 Qg3
27. Bf1 Nh3+ 28. Kh1 Nf2+ 29. Kg1 Qxb3 30. axb3 Nxe4 31. c7 Rac8 32. Bd3 Nd6
33. Rc5 Ne8 34. Bg6 Rxc7 35. Ra5 Nf6 36. Rxa7 Ng4 37. g3 Ne5 38. Be4 Nc6 39.
Ra1 Re7 40. Bg6 Re2 41. Ra2 Rd8 42. Ra1 Ne5 43. Bf5 Red2 44. Ra7 Rxb2 45. Ra1
Rxb3 46. Kg2 Rb2+ 47. Kh3 g6 48. Re1 gxf5 49. Rxe5 Kg7 50. Rxf5 Kg6 51. Re5 Rd6
52. Kg4 b5 0-1

[Event "P. Kerese mälestusfestival"]
[Site "?"]
[Date "2005.08.28"]
[Round "2"]
[White "Karjakin, Sergei"]
[Black "Gornõi, Aleksei"]
[Result "1/2-1/2"]
[WhiteElo "2256"]
[BlackElo "2020"]
[PlyCount "105"]

1. e4 e5 2. Nf3 Nc6 3. Bb5 Nge7 4. Nc3 g6 5. d4 Bg7 6. Be3 exd4 7. Nxd4 O-O 8.
O-O a6 9. Bc4 d6 10. Qd2 Ne5 11. Be2 N7c6 12. h3 Be6 13. Nxe6 fxe6 14. f4 Nf7
15. Bc4 Qc8 16. Rad1 Kh8 17. a3 Nfd8 18. Rf2 e5 19. Nd5 exf4 20. Nxf4 Ne5 21.
Bd5 Qd7 22. Rdf1 Qe7 23. c3 g5 24. Nh5 Rxf2 25. Rxf2 h6 26. Rf5 c6 27. Bb3 Ne6
28. h4 Rf8 29. Qf2 Ng4 30. Qf3 Nxe3 31. Qxe3 Nc5 32. Nxg7 Qxg7 33. Bc2 Rxf5 34.
exf5 Qe5 35. Qxe5+ dxe5 36. hxg5 hxg5 37. Kf2 Kg7 38. Ke3 Kf6 39. g4 b6 40. b4
Nd7 41. Be4 Nb8 42. a4 Ke7 43. a5 b5 44. Kd3 Kf6 45. c4 Ke7 46. cxb5 axb5 47.
Kc3 Kf6 48. Bg2 Ke7 49. Be4 Kf6 50. a6 Nxa6 51. Bxc6 Nc7 52. Kd3 Na6 53. Kc3
1/2-1/2

[Event "P. Kerese mälestusfestival"]
[Site "?"]
[Date "2005.08.29"]
[Round "3"]
[White "Vahtra, Tuuli"]
[Black "Korstin, Maris"]
[Result "0-1"]
[WhiteElo "2022"]
[BlackElo "2247"]
[PlyCount "106"]

1. d4 Nf6 2. Bg5 d5 3. Bxf6 exf6 4. Nf3 c6 5. e3 Qb6 6. b3 Bg4 7. Be2 Qa5+ 8.
Qd2 Bb4 9. c3 Bd6 10. O-O O-O 11. c4 Qxd2 12. Nbxd2 Re8 13. Bd3 f5 14. h3 Bxf3
15. Nxf3 g6 16. Rfe1 a6 17. c5 Bc7 18. b4 Nd7 19. g3 Nf6 20. a4 Ne4 21. b5 Ba5
22. Rec1 f6 23. Kg2 Bb4 24. b6 a5 25. Bxe4 Rxe4 26. Ng1 g5 27. Ne2 Rae8 28. Rc2
Kf7 29. Rb1 h5 30. Rb3 h4 31. Rc1 Kg6 32. Rf1 hxg3 33. Nxg3 Rh4 34. Rh1 f4 35.
Nf1 fxe3 36. fxe3 f5 37. Nh2 Rhe4 38. Rf1 Rxe3 39. Rxe3 Rxe3 40. Nf3 f4 41. h4
gxh4 42. Nxh4+ Kg5 43. Nf3+ Kf5 44. Nh4+ Ke4 45. Nf3 Re2+ 46. Rf2 Rxf2+ 47.
Kxf2 Bc3 48. Ng5+ Kxd4 49. Ne6+ Ke5 50. Nd8 Bd4+ 51. Ke2 Bxc5 52. Nxb7 Bxb6 53.
Ke1 f3 0-1

[Event "P. Kerese mälestusfestival"]
[Site "?"]
[Date "2005.08.29"]
[Round "3"]
[White "Jezov, Roman"]
[Black "Rõtova, Merike"]
[Result "1/2-1/2"]
[WhiteElo "2100"]
[BlackElo "1995"]
[PlyCount "97"]

1. e4 d6 2. d4 Nf6 3. f3 c5 4. dxc5 Qa5+ 5. Nc3 Qxc5 6. Nge2 Nc6 7. Nf4 g6 8.
Nfd5 Nxd5 9. Nxd5 Qa5+ 10. c3 Bg7 11. Be3 O-O 12. Be2 Be6 13. Nf4 Qe5 14. Qd2
Rfd8 15. Nd5 Bxd5 16. exd5 Nb8 17. O-O Qf5 18. c4 Na6 19. Rac1 Nc5 20. Bd4
Bxd4+ 21. Qxd4 Nd7 22. f4 Qf6 23. Qd2 Rdc8 24. b4 a5 25. Bg4 Rc7 26. Bxd7 Rxd7
27. bxa5 Rc7 28. Rf3 Rc5 29. Ra3 Rac8 30. Ra4 Qf5 31. Qe3 Qd7 32. Rb4 Rxa5 33.
a3 Rac5 34. a4 Qc7 35. Qd4 Ra5 36. Rcb1 Qc5 37. Qxc5 Rcxc5 38. Kf2 Kg7 39. Ke3
Kf6 40. g4 Ra8 41. Kd4 Rac8 42. Ra1 R8c7 43. a5 h5 44. h3 h4 45. Raa4 g5 46. f5
e6 47. fxe6 fxe6 48. dxe6 Kxe6 49. Rb5 1/2-1/2

[Event "P. Kerese mälestusfestival"]
[Site "?"]
[Date "2005.08.29"]
[Round "3"]
[White "Kunitsõn, Nikolai"]
[Black "Kukk, Sander"]
[Result "1/2-1/2"]
[WhiteElo "2145"]
[BlackElo "2181"]
[PlyCount "28"]

1. e4 d6 2. d4 g6 3. Bc4 Bg7 4. Nf3 c5 5. dxc5 Qa5+ 6. c3 Qxc5 7. Qb3 e6 8. Be3
Qc7 9. O-O Nf6 10. Nbd2 O-O 11. Rfe1 Nbd7 12. Rad1 Nc5 13. Qc2 d5 14. exd5 exd5
1/2-1/2

[Event "P. Kerese mälestusfestival"]
[Site "?"]
[Date "2005.08.29"]
[Round "3"]
[White "Kozlov, Aleksander"]
[Black "Garber, Vjatsheslav"]
[Result "0-1"]
[WhiteElo "1990"]
[BlackElo "2179"]
[PlyCount "76"]

1. e4 c5 2. c4 Nc6 3. Nc3 g6 4. g3 a6 5. Bg2 Rb8 6. a4 h5 7. Nf3 Bg7 8. d3 d6
9. Bg5 Be6 10. Qd2 Qd7 11. h4 Bg4 12. Nd5 e6 13. Nb6 Qc7 14. a5 Bxf3 15. Bxf3
Nd4 16. Bd1 Ne7 17. O-O Nec6 18. Kg2 O-O 19. Bh6 Kh7 20. Bxg7 Kxg7 21. f4 Rbd8
22. f5 Ne5 23. f6+ Kh7 24. Qg5 Rh8 25. Bxh5 Kg8 26. Bd1 Nxd3 27. h5 Ne5 28.
hxg6 fxg6 29. f7+ Kf8 30. Ba4 Qe7 31. Qe3 Nxf7 32. Rf2 Kg7 33. Raf1 Ne5 34. Rf4
Rh5 35. Rh1 Rxh1 36. Kxh1 Rh8+ 37. Kg2 g5 38. Rf1 Rh2+ 0-1

[Event "P. Kerese mälestusfestival"]
[Site "?"]
[Date "2005.08.29"]
[Round "3"]
[White "Teemäe, Leo"]
[Black "Rosenbaum, Oliver"]
[Result "1-0"]
[WhiteElo "2098"]
[BlackElo "1938"]
[PlyCount "83"]

1. e4 c5 2. Nf3 d6 3. d4 cxd4 4. Nxd4 Nf6 5. Nc3 g6 6. Be3 Bg7 7. f3 O-O 8. Qd2
Nc6 9. g4 Be6 10. h4 h5 11. Nxe6 fxe6 12. gxh5 Nxh5 13. Bh3 Rxf3 14. Bxe6+ Kh7
15. Bg4 Ne5 16. Bxh5 gxh5 17. Rg1 Ng4 18. Nd5 Nxe3 19. Rxg7+ Kxg7 20. Nxe3
Rxe3+ 21. Qxe3 Qa5+ 22. c3 Rg8 23. O-O-O Kf7 24. a3 Ke8 25. Rd5 Qa6 26. e5 dxe5
27. Rxe5 Qf1+ 28. Kc2 Rg2+ 29. Kb3 Qf7+ 30. c4 Rg4 31. Qc5 e6 32. Rxh5 Qg7 33.
Qc8+ Kf7 34. Qxb7+ Kf6 35. Qxg7+ Rxg7 36. c5 e5 37. Kc4 Ke6 38. Rh6+ Kf5 39. c6
e4 40. Kd5 Re7 41. Kd6 e3 42. Kxe7 1-0

[Event "P. Kerese mälestusfestival"]
[Site "?"]
[Date "2005.08.29"]
[Round "3"]
[White "Tuul, Tarmo"]
[Black "Nestor, Kaarel"]
[Result "0-1"]
[WhiteElo "2048"]
[BlackElo "2043"]
[PlyCount "64"]
[EventDate "2005.??.??"]

1. d4 Nf6 2. c4 e6 3. Nf3 d5 4. cxd5 exd5 5. Nc3 c6 6. Qc2 Bd6 7. Bg5 h6 8. Bh4
O-O 9. e3 Re8 10. Bd3 Nbd7 11. a3 Nf8 12. Bxf6 Qxf6 13. h3 Ng6 14. O-O-O Bd7
15. Kb1 Bf8 16. h4 h5 17. e4 Nf4 18. e5 Qe7 19. Bh7+ Kh8 20. Ng5 g6 21. e6 Bxe6
22. Qd2 Bf5+ 23. Ka1 Ne6 24. Rde1 Qf6 25. Rxe6 fxe6 26. f3 Bh6 27. g4 hxg4 28.
fxg4 Bxg4 29. Qh2 Bh5 30. Qc2 Qf5 31. Qb3 Re7 32. Qb4 Bxg5 0-1

[Event "P. Kerese mälestusfestival"]
[Site "?"]
[Date "2005.08.29"]
[Round "4"]
[White "Korstin, Maris"]
[Black "Jezov, Roman"]
[Result "1/2-1/2"]
[WhiteElo "2247"]
[BlackElo "2100"]
[PlyCount "20"]

1. g3 d5 2. Bg2 g6 3. Nf3 Bg7 4. O-O e5 5. d3 Ne7 6. Nbd2 O-O 7. c4 c6 8. Rb1
a5 9. b3 h6 10. Bb2 Nd7 1/2-1/2

[Event "P. Kerese mälestusfestival"]
[Site "?"]
[Date "2005.08.29"]
[Round "4"]
[White "Garber, Vjatsheslav"]
[Black "Kunitsõn, Nikolai"]
[Result "0-1"]
[WhiteElo "2179"]
[BlackElo "2145"]
[PlyCount "112"]

1. c4 Nf6 2. d4 g6 3. Nc3 Bg7 4. g3 O-O 5. Bg2 d6 6. Nf3 c6 7. O-O Qc7 8. Bf4
Nh5 9. Be3 Nf6 10. Qc1 e5 11. Bh6 e4 12. Ne1 Re8 13. Bxg7 Kxg7 14. Nc2 d5 15.
cxd5 cxd5 16. Ne3 Be6 17. Qd1 Nc6 18. Qd2 h5 19. h3 Rac8 20. Rac1 Qd7 21. Kh2
b6 22. f3 h4 23. g4 exf3 24. exf3 Na5 25. f4 Nc4 26. Nxc4 Rxc4 27. f5 Qd6+ 28.
Qf4 Qxf4+ 29. Rxf4 g5 30. Rff1 Bd7 31. Nxd5 Rxd4 32. Nxf6 Kxf6 33. Rf2 a5 34.
Rc7 Rd8 35. Rcc2 Ba4 36. b3 Bb5 37. Bc6 Bd3 38. Rc3 R8d6 39. Bg2 Bb5 40. Rcc2
Rd1 41. Bf3 Rf1 42. Kg2 Rxf2+ 43. Kxf2 Ke5 44. Be2 Bc6 45. Bc4 f6 46. Ke3 Be4
47. Rc1 Bg2 48. Bf1 Rc6 49. Re1 Bxf1 50. Kf2+ Kf4 51. Kxf1 Kf3 52. Kg1 Rc3 53.
Kh2 Rc2+ 54. Kh1 Rxa2 55. Rc1 Re2 56. Rc3+ Re3 0-1

[Event "P. Kerese mälestusfestival"]
[Site "?"]
[Date "2005.08.29"]
[Round "4"]
[White "Rõtova, Merike"]
[Black "Teemäe, Leo"]
[Result "0-1"]
[WhiteElo "1995"]
[BlackElo "2098"]
[PlyCount "60"]

1. e4 e5 2. Nc3 Nf6 3. f4 d5 4. fxe5 Nxe4 5. d3 Bb4 6. dxe4 Qh4+ 7. Ke2 Bxc3 8.
bxc3 Bg4+ 9. Nf3 dxe4 10. Qd5 exf3+ 11. gxf3 Bc8 12. Be3 O-O 13. Rg1 Nc6 14.
Bf2 Qxh2 15. Rg3 Qh5 16. Bd4 Be6 17. Qe4 Rad8 18. Bg2 Qf5 19. f4 Qxe4+ 20. Bxe4
Nxd4+ 21. cxd4 Rxd4 22. Ke3 Rc4 23. Bd3 Ra4 24. Rh1 g6 25. f5 Bd5 26. Rh2 Re8
27. Rgh3 Rxe5+ 28. Kf2 Be4 29. fxg6 hxg6 30. Rh8+ Kg7 0-1

[Event "P. Kerese mälestusfestival"]
[Site "?"]
[Date "2005.08.29"]
[Round "4"]
[White "Kukk, Sander"]
[Black "Nestor, Kaarel"]
[Result "1/2-1/2"]
[WhiteElo "2181"]
[BlackElo "2043"]
[PlyCount "90"]

1. e4 e6 2. d4 d5 3. Nc3 Bb4 4. e5 Ne7 5. a3 Bxc3+ 6. bxc3 c5 7. Qg4 O-O 8. Bd3
Nbc6 9. Qh5 Ng6 10. Nf3 Qc7 11. Ng5 h6 12. Nxf7 Qxf7 13. Qxg6 Qxg6 14. Bxg6
cxd4 15. cxd4 Nxd4 16. Bd3 Bd7 17. Bb2 Nc6 18. Rf1 Rac8 19. f4 Na5 20. Bd4 b6
21. g4 Ba4 22. Kd2 Nc4+ 23. Ke2 Na5 24. Ra2 Bd7 25. h4 Nc4 26. Rf3 Ba4 27. Kf2
Nd2 28. f5 Nxf3 29. Kxf3 Bd7 30. f6 Kf7 31. a4 gxf6 32. exf6 Rg8 33. Be5 Rc5
34. c3 Bc6 35. Kf4 Ra5 36. Bd4 e5+ 37. Bxe5 Rxa4+ 38. Rxa4 Bxa4 39. g5 hxg5+
40. hxg5 Bd7 41. Bh7 Rg6 42. Bd4 Be8 43. Bxg6+ Kxg6 44. Be3 Bf7 45. Ke5 a5
1/2-1/2

[Event "P. Kerese mälestusfestival"]
[Site "?"]
[Date "2005.08.29"]
[Round "4"]
[White "Holvason, Jüri"]
[Black "Lapidus, Mark"]
[Result "0-1"]
[WhiteElo "2046"]
[BlackElo "1929"]
[PlyCount "108"]

1. e4 e6 2. d4 d5 3. e5 c5 4. c3 Nc6 5. Nf3 Qb6 6. Be2 cxd4 7. cxd4 Nge7 8. b3
Nf5 9. Bb2 Bb4+ 10. Kf1 Be7 11. h4 Bd7 12. a3 Rc8 13. b4 a5 14. b5 Nd8 15. Nc3
O-O 16. Bd3 Nh6 17. Na4 Qa7 18. Bc1 f6 19. Bxh6 gxh6 20. Qd2 Kg7 21. Rh3 Nf7
22. Rg3+ Kh8 23. exf6 Bxf6 24. b6 Qb8 25. Nc5 Qd6 26. Nxb7 Qxb6 27. Rb1 Qa7 28.
Nxa5 Rc7 29. Qf4 Bg7 30. Qg4 Bf6 31. Nb3 e5 32. Bf5 Bxf5 33. Qxf5 Nd6 34. Qh5
Ne4 35. Rg4 Bg7 36. Rxg7 Kxg7 37. Qxe5+ Rf6 38. Qxd5 Nc3 39. Qe5 Nxb1 40. Nc5
Re7 41. Qg3+ Kh8 42. h5 Qc7 43. Ne5 Qa5 44. Kg1 Qe1+ 45. Kh2 Qxf2 46. Qb3 Qh4+
47. Qh3 Qxh3+ 48. Kxh3 Nxa3 49. Ng4 Rd6 50. Nb3 Rb7 51. Nc5 Rc7 52. Kh4 Nb5 53.
Nb3 Nxd4 54. Nxd4 Rxd4 0-1